| Tag |
First Indicator |
Second Indicator |
Subfields |
| LEADER |
00000cam a2200000 a 4500 |
| 001 |
in00001484621 |
| 005 |
20151021071912.0 |
| 008 |
990329t19991977nyu b 000 0 eng d |
| 020 |
|
|
|a 0879077808
|
| 035 |
|
|
|a (OCoLC)41058151
|
| 035 |
|
|
|9 AJH2956AM
|
| 040 |
|
|
|a XII
|c XII
|d TXA
|d UtOrBLW
|
| 041 |
1 |
|
|a eng
|h fre
|
| 049 |
|
|
|a TXAM
|
| 082 |
0 |
0 |
|a 248.4
|
| 090 |
|
|
|a BX2845
|b .E7413 1999
|
| 130 |
0 |
|
|a Ermitage.
|l English.
|
| 245 |
1 |
4 |
|a The hermitage within :
|b spirituality of the desert /
|c by a monk ; translated by Alan Neame.
|
| 264 |
|
1 |
|a London :
|b Darton, Longman and Todd ;
|a Kalamazoo, Mich. :
|b Cistercian Publications,
|c 1999.
|
| 300 |
|
|
|a 152 pages ;
|c 22 cm.
|
| 336 |
|
|
|a text
|b txt
|2 rdacontent
|
| 337 |
|
|
|a unmediated
|b n
|2 rdamedia
|
| 338 |
|
|
|a volume
|b nc
|2 rdacarrier
|
| 490 |
1 |
|
|a Cistercian studies series ;
|v no. 180
|
| 504 |
|
|
|a Includes bibliographical references.
|
| 650 |
|
0 |
|a Hermits.
|
| 650 |
|
0 |
|a Spiritual life
|x Catholic Church.
|
| 700 |
0 |
|
|a Moine.
|
| 700 |
1 |
|
|a Neame, Alan.
|
| 830 |
|
0 |
|a Cistercian studies series ;
|v no. 180.
|
| 948 |
|
|
|a c:blr
|
| 999 |
|
|
|a MARS
|
| 999 |
f |
f |
|s cb9ef712-e69b-36ba-898a-404a870900fe
|i 285b8e4f-76ba-3a25-b295-0e1653579c3b
|t 0
|
| 952 |
f |
f |
|p normal
|a Texas A&M University
|b College Station
|c Sterling C. Evans Library
|d Evans: Library Stacks
|t 0
|e BX2845 .E7413 1999
|h Library of Congress classification
|i unmediated -- volume
|m A14825033936
|
| 998 |
f |
f |
|a BX2845 .E7413 1999
|t 0
|l Evans: Library Stacks
|